| 000 | 00902 a2200193 4500 | ||
|---|---|---|---|
| 020 | _a3642063357 (paperback) | ||
| 020 | _a9783642063350 (paperback) | ||
| 082 | _a300.015195 | ||
| 090 |
_c6658 _d6658 |
||
| 100 | 1 | _aBatina, Raymond G. | |
| 245 | 1 | 0 |
_aPublic goods : _btheories and evidence / _cRaymond G. Batina, Toshihiro Ihori. |
| 250 | _aSoftcover reprint of hardcover 1st ed. 2005. | ||
| 260 |
_a[S.l.] : _bSpringer, _c2010. |
||
| 300 |
_a437 p. ; _c23 cm. |
||
| 520 | _aA wide-ranging survey of the theory and evidence on public goods, presenting the main literature on public goods, both theoretical and empirical, in a systematic manner. The breadth and depth of the book's coverage extends the existing literature in many ways. | ||
| 700 | 1 | _aIhori, Toshihiro. | |
| 856 | 4 | 0 |
_3Amazon.com _uhttp://www.amazon.com/exec/obidos/ASIN/3642063357/chopaconline-20 |
| 942 |
_aNBS _cBK _k300.015195 BAT |
||
| 999 |
_c349009 _d349009 |
||